Riverside Property Investments Ltd v Blackhawk Automotive (Record no. 74862)

MARC details
000 -LEADER
fixed length control field 01557cam a2200193 4500
001 - CONTROL NUMBER
control field ABS68749
008 - FIXED-LENGTH DATA ELEMENTS--GENERAL INFORMATION
fixed length control field 050303n2005 000 0 eng u
035 ## - SYSTEM CONTROL NUMBER
System control number (Sirsi) u128924
041 ## - LANGUAGE CODE
Language code of text/sound track or separate title eng
245 ## - TITLE STATEMENT
Title Riverside Property Investments Ltd v Blackhawk Automotive
260 ## - PUBLICATION, DISTRIBUTION, ETC.
Date of publication, distribution, etc. 2005
490 ## - SERIES STATEMENT
Series statement Estates Gazette
Volume/sequential designation [2005] 01 EG 94 (CS)
520 ## - SUMMARY, ETC.
Summary, etc. [2004] EWHC 3052 (TCC) 8 December 2004. Considered if would have been impossible to bring a roof up to the standard required by covenant for repairs other than by its complete replacement. The dispute centered on whether the state of the roof of a light industrial unit at the end of the lease was in breach of the covenant, despite the fact that B had made repairs to the roof and replaced damaged cement sheeting and all roof lights and fixings. R sought to recover costs from B on the grounds that only the replacement of the whole roof would have complied with the covenant. "Held": the claim was allowed in part; repairing the roof was a viable option but R was entitled to claim certain costs and expenses with regards to the preparation of a schedule of dilapidations and the enforcement of the repairing covenants.
590 ## - LOCAL NOTE (RLIN)
Local note ABS
650 ## - SUBJECT ADDED ENTRY--TOPICAL TERM
Topical term or geographic name entry element RIVERSIDE PROPERTY INVESTMENTS LTD V BLACKHAWK AUTOMOTIVE
690 ## - LOCAL SUBJECT ADDED ENTRY--TOPICAL TERM (OCLC, RLIN)
Topical term or geographic name as entry element PROPERTY-COMMERCIAL PROPERTY-LEASEHOLD COMMERCIAL PROPERTY-COMMERCIAL LANDLORD AND TENANT-COMMERCIAL PROPERTY DILAPIDATIONS
856 ## - ELECTRONIC LOCATION AND ACCESS
Uniform Resource Identifier <a href="https://www.bailii.org/cgi-bin/markup.cgi?doc=/ew/cases/EWHC/TCC/2004/3052.html">https://www.bailii.org/cgi-bin/markup.cgi?doc=/ew/cases/EWHC/TCC/2004/3052.html</a>
Public note View the judgment at www.bailii.org...
942 ## - ADDED ENTRY ELEMENTS (KOHA)
Suppress in OPAC 0
Holdings
Withdrawn status Lost status Source of classification or shelving scheme Damaged status Not for loan Home library Current library Shelving location Date acquired Total Checkouts Full call number Barcode Date last seen Copy number Price effective from Koha item type
    Dewey Decimal Classification     London London Journal article 03/03/2005   ABS68749 128924-1001 06/08/2019 1 06/08/2019 Journal article